| 000 -CABECERA |
| campo de control de longitud fija |
00548nam a22001697a 4500 |
| 005 - FECHA Y HORA DE LA ÚLTIMA TRANSACCIÓN |
| campo de control |
20220424213646.0 |
| 008 - DATOS DE LONGITUD FIJA--INFORMACIÓN GENERAL |
| campo de control de longitud fija |
220424b ||||| |||| 00| 0 eng d |
| 020 ## - NÚMERO INTERNACIONAL ESTÁNDAR DEL LIBRO |
| ISBN |
97899729031551 |
| 040 ## - FUENTE DE LA CATALOGACIÓN |
| Centro/agencia transcriptor |
CAAAP |
| 041 ## - CÓDIGO DE LENGUA |
| Código de lengua del texto/banda sonora o título independiente |
spa |
| 050 ## - SIGNATURA TOPOGRÁFICA DE LA BIBLIOTECA DEL CONGRESO |
| Número de clasificación |
GN44.P4 |
| Número de documento/Ítem |
A59 |
| 245 00 - MENCIÓN DE TÍTULO |
| Título |
La antropología ante el Perú de hoy: |
| Subtitulo |
Balances regionales y antropologías latinoamericanas/ |
| Mención de responsabilidad, etc. |
Alejandro Diez Hurtado, editor |
| 260 ## - PUBLICACIÓN, DISTRIBUCIÓN, ETC. |
| Lugar de publicación, distribución, etc. |
Lima: |
| Nombre del editor, distribuidor, etc. |
PUCP. CISEPA, |
| Fecha de publicación, distribución, etc. |
2008 |
| 300 ## - DESCRIPCIÓN FÍSICA |
| Extensión |
280 p.; |
| Dimensiones |
26 cm. |
| 650 #0 - PUNTO DE ACCESO ADICIONAL DE MATERIA--TÉRMINO DE MATERIA |
| 9 (RLIN) |
2583 |
| Término de materia o nombre geográfico como elemento de entrada |
Antropología |
| Subdivisión de forma |
Congresos |
| Subdivisión geográfica |
Perú |
| 942 ## - ELEMENTOS PERSONALIZADOS KOHA |
| Fuente del sistema de clasificación o colocación |
|
| Fecha de catalogación |
DD - MM - AA |
| Tipo de ítem Koha |
Libros |